[Event "SV Kamen 1 - Godesberger SK 1"]
[Site "NRW-Klasse. Gruppe 2 2017/201"]
[Date "2018.01.28"]
[Round "5.6"]
[White "Kleinegger, Frank"]
[Black "Stenzel, Thomas"]
[Result "0-1"]
[WhiteElo "2100"]
[BlackElo "2083"]
[PlyCount "80"]
[EventDate "2018.??.??"]
[WhiteTeam "SV Kamen 1"]
[BlackTeam "Godesberger SK 1"]

1. c4 Nf6 2. Nc3 g6 3. g3 d6 4. Bg2 Bg7 5. e4 c5 6. Nge2 O-O 7. d3 Nc6 8. O-O
a6 9. h3 Rb8 10. f4 Bd7 11. Be3 b5 12. cxb5 axb5 13. Qd2 b4 14. Nd1 Qc8 15. Nf2
Ne8 16. d4 c4 17. d5 Na5 18. Bd4 Qa6 19. Bxg7 Nxg7 20. Ng4 c3 21. bxc3 bxc3 22.
Nxc3 Nc4 23. Qd4 Rb2 24. Rf2 Rxf2 25. Nxf2 Na3 26. Bf1 Qa5 27. Rc1 Rb8 28. Nfd1
Rb4 29. Qe3 Ne8 30. g4 Nc4 31. Bxc4 Rxc4 32. Rb1 Qc7 33. Rb3 Nf6 34. Nb2 Rc5
35. Qd4 Bc8 36. Kh2 Ba6 37. Kg3 Rxc3+ 38. Rxc3 Qxc3+ 39. Qxc3 Nxe4+ 40. Kf3
Nxc3 0-1

[Event "SV Kamen 1 - Godesberger SK 1"]
[Site "NRW-Klasse. Gruppe 2 2017/201"]
[Date "2018.01.28"]
[Round "5.7"]
[White "Kutzner, Stephen"]
[Black "Seepe, Udo"]
[Result "0-1"]
[WhiteElo "2089"]
[BlackElo "2046"]
[PlyCount "122"]
[EventDate "2018.??.??"]
[WhiteTeam "Godesberger SK 1"]
[BlackTeam "SV Kamen 1"]

1. d4 d5 2. c4 c6 3. Nf3 Nf6 4. Nc3 a6 5. e3 g6 6. Qc2 Bg7 7. Bd3 O-O 8. O-O b5
9. b3 Re8 10. Ne5 Ng4 11. Nxg4 Bxg4 12. cxd5 cxd5 13. Nxd5 Ra7 14. Qc5 Rd7 15.
Nb4 e5 16. h3 Be6 17. Nc6 Nxc6 18. Qxc6 Rd6 19. Qc2 Qd7 20. Ba3 Rc6 21. Qe2
exd4 22. Rad1 Bxh3 23. gxh3 Qxh3 24. f3 Bh6 25. Qh2 Bxe3+ 26. Kh1 Qc8 27. Kg2
Rf6 28. Rh1 h5 29. Rhe1 b4 30. Bc1 Qb7 31. Qh3 Re5 32. Bxe3 dxe3 33. Be4 Rxe4
34. fxe4 Qxe4+ 35. Kg1 Rf3 36. Qh2 h4 37. Re2 Rg3+ 38. Rg2 e2 39. Re1 Qe3+ 40.
Kh1 Rh3 41. Rexe2 Rxh2+ 42. Kxh2 Qf4+ 43. Kh3 g5 44. Ref2 Qe3+ 45. Kg4 Kg7 46.
Re2 Qf4+ 47. Kh3 Kg6 48. Ref2 Qe3+ 49. Kh2 f5 50. Rc2 Qf4+ 51. Kg1 Qd4+ 52. Kh2
Qd6+ 53. Kh1 g4 54. Rgd2 Qe6 55. Re2 Qd5+ 56. Kg1 Qd4+ 57. Kh1 Kg5 58. Rcd2
Qa1+ 59. Kg2 Qc3 60. Rf2 h3+ 61. Kg1 g3 0-1

[Event "LSV Turm Lippstadt 1 - SF Essen-Katernb"]
[Site "NRW-Klasse. Gruppe 2 2017/201"]
[Date "2018.02.18"]
[Round "6.1"]
[White "Gassmann, Volker"]
[Black "Wehmeier, Stefan"]
[Result "1-0"]
[WhiteElo "2107"]
[BlackElo "2345"]
[PlyCount "89"]
[EventDate "2018.??.??"]
[WhiteTeam "SF Essen-Katernberg  2"]
[BlackTeam "LSV Turm Lippstadt 1"]

1. d4 Nf6 2. c4 e6 3. Nc3 Bb4 4. Qc2 c5 5. dxc5 O-O 6. Nf3 Na6 7. a3 Bxc3+ 8.
Qxc3 Nxc5 9. e3 a5 10. Be2 d6 11. O-O Nfe4 12. Qc2 e5 13. Nd2 Bf5 14. Nxe4 Bxe4
15. Qc3 a4 16. Bd2 f5 17. f3 Bc6 18. Rad1 Qf6 19. Be1 Rae8 20. Rf2 h5 21. Qa5
Qh6 22. Qc7 Rf6 23. Bb4 Qxe3 24. Rxd6 Ne6 25. Qa5 b6 26. Bd2 Qxf2+ 27. Kxf2
bxa5 28. Rxc6 Rb8 29. Bc3 Nd4 30. Rc5 Rfb6 31. Rxe5 Rxb2 32. Bxd4 Rd2 33. Bc3
Rc2 34. Bxa5 Rbb2 35. c5 f4 36. g3 fxg3+ 37. hxg3 Kf7 38. f4 Rb3 39. Bb4 h4 40.
gxh4 Rh3 41. Kg2 Rxh4 42. Kg3 Rh1 43. Bb5 Rch2 44. Kf3 Rh3+ 45. Ke4 1-0

[Event "LSV Turm Lippstadt 1 - SF Essen-Katernb"]
[Site "NRW-Klasse. Gruppe 2 2017/201"]
[Date "2018.02.18"]
[Round "6.2"]
[White "Wagner, Alexej"]
[Black "Dette, Jan"]
[Result "1-0"]
[WhiteElo "2231"]
[BlackElo "2094"]
[PlyCount "73"]
[EventDate "2018.??.??"]
[WhiteTeam "LSV Turm Lippstadt 1"]
[BlackTeam "SF Essen-Katernberg  2"]

1. d4 e6 2. c4 f5 3. Nf3 Nf6 4. g3 c6 5. Bg2 d5 6. O-O Bd6 7. b3 Qe7 8. Bb2 b6
9. Qc1 Bb7 10. Ba3 Bxa3 11. Qxa3 a5 12. Ne5 Qxa3 13. Nxa3 Nbd7 14. f4 Ke7 15.
Rfc1 Rhc8 16. e3 Ne8 17. Rc2 Nxe5 18. fxe5 Nc7 19. Rac1 Na6 20. Nb1 a4 21. cxd5
exd5 22. bxa4 Nb4 23. Rd2 Rxa4 24. a3 Na6 25. Rf2 g6 26. g4 Rf8 27. gxf5 Rxf5
28. Rxf5 gxf5 29. Bh3 f4 30. Nc3 Rxa3 31. exf4 b5 32. Bg4 Nb4 33. f5 Nd3 34.
f6+ Kf8 35. e6 Nf4 36. e7+ Kf7 37. Bd7 1-0

[Event "LSV Turm Lippstadt 1 - SF Essen-Katernb"]
[Site "NRW-Klasse. Gruppe 2 2017/201"]
[Date "2018.02.18"]
[Round "6.3"]
[White "Schimnatkowski, Lukas"]
[Black "Hecht, Carsten"]
[Result "1/2-1/2"]
[WhiteElo "2082"]
[BlackElo "2248"]
[Annotator "Daniel"]
[PlyCount "186"]
[EventDate "2018.??.??"]
[WhiteTeam "SF Essen-Katernberg  2"]
[BlackTeam "LSV Turm Lippstadt 1"]

1. e4 c5 2. Nf3 e6 3. d3 Nc6 4. g3 d6 5. Bg2 Nf6 6. O-O Be7 7. Re1 O-O 8. c3
Bd7 9. d4 cxd4 10. cxd4 d5 11. e5 Ne4 12. Nbd2 Nxd2 13. Bxd2 a5 14. Bf1 a4 15.
a3 Qb6 16. Bc3 Na5 17. Bxa5 Qxa5 18. Qd2 Qxd2 19. Nxd2 Rfc8 20. Rac1 b5 21. Bd3
b4 22. Nb1 g6 23. f4 Kf8 24. Kf2 bxa3 25. Rxc8+ Rxc8 26. bxa3 Rb8 27. Re2 Bxa3
28. Nxa3 Rb3 29. Bxg6 hxg6 30. Ra2 Rd3 31. Nc2 Rd2+ 32. Ke3 Rxh2 33. Nb4 Rh3
34. Kf3 Ke7 35. Nd3 Rh8 36. Nc5 Ra8 37. Ra3 Be8 38. Ke3 $11 Rb8 39. Nd3 Rb1 40.
Kd2 Bb5 41. Nc5 Rb4 42. Ke3 Kf8 43. Ra2 $11 Ke7 44. Ra3 Rc4 45. Nb7 Bd7 46. Kd3
Rb4 47. Nc5 Rb2 48. Nxd7 Kxd7 49. Rxa4 Rb3+ 50. Ke2 Rxg3 51. Kf2 Rc3 52. Ke2
Ke7 53. Ra8 Rc7 54. Rh8 Kd7 55. Kd3 Kc6 56. Rf8 Ra7 57. Rb8 Kd7 58. Rf8 Ke7 59.
Rh8 Ra1 60. Ke2 Rg1 61. Rg8 Rh1 62. Ra8 Rh4 63. Ke3 Rh3+ 64. Ke2 Rh5 65. Rb8
Rf5 66. Ke3 Kd7 67. Rb7+ Kc6 68. Rb1 Rh5 69. Rb8 g5 70. fxg5 Rxg5 71. Rb1 Rf5
72. Kd3 Kd7 73. Rb7+ Ke8 74. Rb8+ Ke7 75. Ra8 Rf3+ 76. Ke2 Rb3 77. Kd2 Rb7 78.
Rh8 Rd7 79. Ke3 Rd8 80. Rh7 Rg8 81. Rh6 Kf8 82. Rh3 Rg4 83. Rf3 Kg7 84. Rf6 Rg5
85. Rf3 Rg6 86. Rh3 f6 87. exf6+ Kxf6 88. Kf4 Rg1 89. Rh6+ Ke7 90. Ke3 Kd6 91.
Kd3 Re1 92. Kd2 Re4 93. Kd3 Re1 1/2-1/2

[Event "LSV Turm Lippstadt 1 - SF Essen-Katernb"]
[Site "NRW-Klasse. Gruppe 2 2017/201"]
[Date "2018.02.18"]
[Round "6.4"]
[White "Kruse, Janik"]
[Black "Krueger, Erich"]
[Result "1-0"]
[WhiteElo "2095"]
[BlackElo "2071"]
[PlyCount "99"]
[EventDate "2018.??.??"]
[WhiteTeam "LSV Turm Lippstadt 1"]
[BlackTeam "SF Essen-Katernberg  2"]

1. c4 Nf6 2. Nc3 g6 3. e4 d6 4. d4 Bg7 5. f3 O-O 6. Be3 b6 7. Qd2 c5 8. Nge2
Nc6 9. d5 Ne5 10. Ng3 h5 11. Be2 h4 12. Nf1 Nh7 13. h3 a6 14. a4 Bb7 15. Nh2 e6
16. f4 exd5 17. cxd5 Nd7 18. O-O f5 19. exf5 gxf5 20. Nf3 Ndf6 21. Nxh4 Ne4 22.
Nxe4 fxe4 23. Ng6 Re8 24. f5 Qf6 25. Rab1 Nf8 26. Nxf8 Rxf8 27. b4 Rab8 28. Rf4
Qe5 29. Rbf1 Bxd5 30. f6 Rxf6 31. Rxf6 Bxf6 32. Rxf6 Qxf6 33. Qxd5+ Kf8 34. Bc4
Qa1+ 35. Kh2 Qe5+ 36. Qxe5 dxe5 37. bxc5 b5 38. axb5 axb5 39. Bd5 b4 40. c6 b3
41. Bxe4 b2 42. c7 Rc8 43. Bb6 Ke7 44. g4 Kd7 45. g5 Rf8 46. g6 Ke6 47. Kg3 Kf6
48. h4 Kg7 49. Bb1 Rc8 50. Kg4 1-0

[Event "LSV Turm Lippstadt 1 - SF Essen-Katernb"]
[Site "NRW-Klasse. Gruppe 2 2017/201"]
[Date "2018.02.18"]
[Round "6.6"]
[White "Grobbel, Rainer"]
[Black "Nautsch, Werner"]
[Result "1-0"]
[WhiteElo "2116"]
[BlackElo "2065"]
[Annotator "Daniel"]
[PlyCount "75"]
[EventDate "2018.??.??"]
[WhiteTeam "LSV Turm Lippstadt 1"]
[BlackTeam "SF Essen-Katernberg  2"]

1. d4 d5 2. c4 c6 3. e3 Nf6 4. Nc3 e6 5. Nf3 Be7 6. Bd3 O-O 7. O-O Nbd7 8. Qe2
Re8 9. b3 b6 10. Ne5 Bb7 11. Bb2 Nxe5 12. dxe5 Nd7 13. f4 f5 14. cxd5 cxd5 15.
Nb5 Ba6 16. Nd4 Bxd3 17. Qxd3 Bc5 18. Nc2 Rc8 19. b4 Bf8 20. a3 $11 Rc4 21. Nd4
a5 22. Rfc1 Rxc1+ 23. Rxc1 axb4 24. axb4 Nb8 25. Qb5 Kf7 26. g3 Qe7 27. Bc3 Qa7
28. Ra1 Qc7 29. Bd2 Qc4 30. Qxb6 Qd3 31. Qc7+ Kg8 32. Qc3 Qe4 33. b5 Nd7 34.
Qc6 Rd8 35. Nxe6 Nxe5 36. fxe5 Qxe5 37. Nd4 f4 38. Qe6+ 1-0

[Event "LSV Turm Lippstadt 1 - SF Essen-Katernb"]
[Site "NRW-Klasse. Gruppe 2 2017/201"]
[Date "2018.02.18"]
[Round "6.7"]
[White "Rosen, Willy"]
[Black "Kettler, Ilija Jonas"]
[Result "1/2-1/2"]
[WhiteElo "2084"]
[BlackElo "2076"]
[PlyCount "46"]
[EventDate "2018.??.??"]
[WhiteTeam "SF Essen-Katernberg  2"]
[BlackTeam "LSV Turm Lippstadt 1"]

1. e4 e5 2. Nf3 Nc6 3. Nc3 Nf6 4. a3 d5 5. Bb5 Nxe4 6. Qe2 Nxc3 7. Qxe5+ Be7 8.
Qxc3 O-O 9. Bxc6 bxc6 10. d4 c5 11. dxc5 Bf6 12. Nd4 Bf5 13. Be3 Bxd4 14. Qxd4
Bxc2 15. Rc1 Bb3 16. O-O c6 17. Bf4 Re8 18. Rfe1 Qd7 19. Qc3 Bc4 20. b3 Ba6 21.
Qa5 Bd3 22. Qc3 Ba6 23. Qa5 Bd3 1/2-1/2

[Event "LSV Turm Lippstadt 1 - SF Essen-Katernb"]
[Site "NRW-Klasse. Gruppe 2 2017/201"]
[Date "2018.02.18"]
[Round "6.8"]
[White "Finke, Tobias"]
[Black "Villwock, Martin"]
[Result "0-1"]
[WhiteElo "1945"]
[BlackElo "2101"]
[PlyCount "88"]
[EventDate "2018.??.??"]
[WhiteTeam "LSV Turm Lippstadt 1"]
[BlackTeam "SF Essen-Katernberg  2"]

1. c4 c5 2. Nf3 Nc6 3. g3 g6 4. Bg2 Bg7 5. O-O e6 6. d3 Nge7 7. Nc3 b6 8. Bg5
h6 9. Bd2 Bb7 10. Qc1 d6 11. a3 Qd7 12. Rb1 Nf5 13. b4 Ncd4 14. Ne1 Bxg2 15.
Nxg2 Rc8 16. Qd1 O-O 17. Ne3 Ne7 18. bxc5 dxc5 19. Nc2 Ndc6 20. Qc1 Kh7 21. Nb5
f5 22. Bc3 e5 23. Ba1 f4 24. Ne1 Rf7 25. Nc3 Rcf8 26. Ne4 Nf5 27. Nf3 Nd6 28.
Nfd2 g5 29. Nxd6 Qxd6 30. g4 f3 31. exf3 e4 32. Bxg7 Rxg7 33. fxe4 Rf4 34. f3
Ne5 35. Qc2 Rgf7 36. Kg2 h5 37. d4 Qxd4 38. h3 hxg4 39. hxg4 Nxg4 40. e5+ Kg7
41. Rb3 Ne3+ 42. Rxe3 Qxe3 43. e6 Qe2+ 44. Rf2 Rg4+ 0-1

[Event "SG Bochum 2 - SV Kamen 1"]
[Site "NRW-Klasse. Gruppe 2 2017/201"]
[Date "2018.02.18"]
[Round "6.1"]
[White "Weidemann, Christian"]
[Black "Tkachuk, Konstantyn"]
[Result "1/2-1/2"]
[WhiteElo "2278"]
[BlackElo "2249"]
[PlyCount "39"]
[EventDate "2018.??.??"]
[WhiteTeam "SV Kamen 1"]
[BlackTeam "SG Bochum 2"]

1. d4 c5 2. d5 e5 3. c4 d6 4. Nc3 f5 5. g3 Nf6 6. Bg2 Be7 7. Nf3 h6 8. e4 O-O
9. exf5 Bxf5 10. Nh4 Bh7 11. Bh3 Ne4 12. Be6+ Kh8 13. Nxe4 Bxe4 14. Qg4 Bxh1
15. Ng6+ Kh7 16. Bf5 Rxf5 17. Qxf5 Bf6 18. Nxe5+ Kg8 19. Qe6+ Kh7 20. Qf5+
1/2-1/2

[Event "SG Bochum 2 - SV Kamen 1"]
[Site "NRW-Klasse. Gruppe 2 2017/201"]
[Date "2018.02.18"]
[Round "6.2"]
[White "Koellner, Ruben Gideon"]
[Black "Himmel, Hansjoerg"]
[Result "1/2-1/2"]
[WhiteElo "2154"]
[BlackElo "2205"]
[PlyCount "38"]
[EventDate "2018.??.??"]
[WhiteTeam "SG Bochum 2"]
[BlackTeam "SV Kamen 1"]

1. d4 Nf6 2. Nf3 e6 3. Nbd2 c5 4. e3 b6 5. c3 Bb7 6. Bd3 cxd4 7. exd4 Be7 8.
O-O O-O 9. Re1 d6 10. Qe2 Nbd7 11. Ng5 Re8 12. Ndf3 Nf8 13. Ne4 Nxe4 14. Bxe4
Qd7 15. Bxb7 Qxb7 16. Bg5 Rac8 17. Qe4 Qxe4 18. Rxe4 d5 19. Re2 Bxg5 1/2-1/2

[Event "SG Bochum 2 - SV Kamen 1"]
[Site "NRW-Klasse. Gruppe 2 2017/201"]
[Date "2018.02.18"]
[Round "6.3"]
[White "Luetke, Jens"]
[Black "Stricker, Florian"]
[Result "1-0"]
[WhiteElo "2173"]
[BlackElo "2018"]
[PlyCount "67"]
[EventDate "2018.??.??"]
[WhiteTeam "SV Kamen 1"]
[BlackTeam "SG Bochum 2"]

1. e4 e6 2. d4 d5 3. e5 c5 4. c3 Nc6 5. Nf3 Qb6 6. a3 Bd7 7. Be2 cxd4 8. cxd4
Nge7 9. Nc3 Nf5 10. Na4 Qd8 11. O-O Be7 12. g4 Nh6 13. h3 Qc7 14. b4 b5 15. Nc5
Bxc5 16. bxc5 Ng8 17. Bxb5 h5 18. Rb1 hxg4 19. hxg4 Nh6 20. Nh2 Qd8 21. Bf4 f5
22. g5 Nf7 23. Qd2 Rh4 24. g6 Nxd4 25. Bxd7+ Qxd7 26. Qxd4 Ng5 27. Rb3 Nh3+ 28.
Rxh3 Rxh3 29. Rb1 Rxa3 30. Bg5 Rc8 31. Qh4 Qa4 32. Qh8+ Kd7 33. Qxg7+ Kc6 34.
Qb7+ 1-0

[Event "SG Bochum 2 - SV Kamen 1"]
[Site "NRW-Klasse. Gruppe 2 2017/201"]
[Date "2018.02.18"]
[Round "6.4"]
[White "Rempe, Moritz"]
[Black "Kilian, Ralf"]
[Result "1/2-1/2"]
[WhiteElo "1998"]
[BlackElo "2126"]
[Annotator "Daniel"]
[PlyCount "48"]
[EventDate "2018.??.??"]
[WhiteTeam "SG Bochum 2"]
[BlackTeam "SV Kamen 1"]

1. e4 e6 2. d4 d5 3. exd5 exd5 4. Nf3 Nc6 5. c3 Bd6 6. Bd3 Nge7 7. b4 Bf5 8.
O-O O-O 9. Na3 Qd7 10. Nb5 Rfe8 11. a4 a6 12. Nxd6 Qxd6 13. Nh4 Bxd3 14. Qxd3
Ng6 15. Nxg6 hxg6 16. Bd2 Re6 17. Qg3 Qxg3 18. hxg3 Rae8 19. Be3 $11 Ne7 20.
Bf4 c6 21. Rfe1 Nc8 22. Rxe6 Rxe6 23. Kf1 f6 24. Re1 Kf7 1/2-1/2

[Event "SG Bochum 2 - SV Kamen 1"]
[Site "NRW-Klasse. Gruppe 2 2017/201"]
[Date "2018.02.18"]
[Round "6.6"]
[White "Tkachuk, Sergij"]
[Black "Kleinegger, Frank"]
[Result "1-0"]
[WhiteElo "2138"]
[BlackElo "2100"]
[PlyCount "53"]
[EventDate "2018.??.??"]
[WhiteTeam "SG Bochum 2"]
[BlackTeam "SV Kamen 1"]

1. e4 e6 2. d4 d5 3. e5 c5 4. Qg4 cxd4 5. Bd3 Nc6 6. Nf3 Nge7 7. O-O Nf5 8.
Bxf5 exf5 9. Qg3 Be6 10. Nbd2 Qb6 11. Nb3 h6 12. h4 Be7 13. Rd1 O-O-O 14. Nfxd4
g5 15. Nxc6 bxc6 16. h5 f4 17. Qf3 Rdf8 18. Nd4 Rhg8 19. b4 g4 20. Qxf4 g3 21.
Be3 gxf2+ 22. Bxf2 Bg5 23. Qf3 Qxb4 24. Nxc6 Qc4 25. Nxa7+ Kb7 26. Rab1+ Ka8
27. Nc6 1-0

[Event "SG Bochum 2 - SV Kamen 1"]
[Site "NRW-Klasse. Gruppe 2 2017/201"]
[Date "2018.02.18"]
[Round "6.8"]
[White "Wuebker, Paul-Luca"]
[Black "Georg, Heinz"]
[Result "1-0"]
[WhiteElo "2036"]
[BlackElo "2084"]
[PlyCount "81"]
[EventDate "2018.??.??"]
[WhiteTeam "SG Bochum 2"]
[BlackTeam "SV Kamen 1"]

1. d4 f5 2. c4 Nf6 3. Nc3 d6 4. g3 g6 5. Bg2 Bg7 6. Nf3 O-O 7. O-O Qe8 8. Re1
Qf7 9. b3 Ne4 10. Bb2 Nc6 11. Rb1 h6 12. e3 Nxc3 13. Bxc3 e5 14. Ba1 e4 15. Nd2
Bd7 16. b4 g5 17. f3 exf3 18. Bxf3 Kh8 19. b5 Nd8 20. Bh5 Qe7 21. e4 f4 22. e5
dxe5 23. Nf3 e4 24. Ne5 Bf5 25. Bg6 Bxe5 26. Bxf5 Rxf5 27. Rxe4 Ne6 28. g4 Rf6
29. Rxe5 Rd8 30. Qe2 Qh7 31. Re1 f3 32. Qf2 Ng7 33. d5 Qg6 34. Re7 Rf7 35. R7e6
Qd3 36. Rxh6+ Kg8 37. Bxg7 Kxg7 38. Rh5 Qxc4 39. Qb2+ Rf6 40. Re7+ Kg8 41. Rh8+
1-0

[Event "SC Siegburg 1 - SV Letmathe 1"]
[Site "NRW-Klasse. Gruppe 2 2017/201"]
[Date "2018.02.18"]
[Round "6.1"]
[White "Kolosowski, Mateusz"]
[Black "Zinchenko, Yaroslav"]
[Result "1-0"]
[WhiteElo "2434"]
[BlackElo "2527"]
[PlyCount "119"]
[EventDate "2018.??.??"]
[WhiteTeam "SV Letmathe 1"]
[BlackTeam "SC Siegburg 1"]

1. d4 Nf6 2. c4 g6 3. g3 Bg7 4. Bg2 d5 5. cxd5 Nxd5 6. Nf3 Nb6 7. Nc3 Nc6 8. e3
O-O 9. O-O Re8 10. Nh4 e5 11. d5 Na5 12. Rb1 e4 13. Nxe4 Nxd5 14. Qa4 b6 15. b4
Nc4 16. b5 Be6 17. Qxc4 Nxe3 18. Qxe6 Rxe6 19. Bxe3 Rc8 20. Rfd1 Qe8 21. Nd2
Rd8 22. Bc6 Rxc6 23. bxc6 Qxc6 24. Rdc1 Qd7 25. Nhf3 c5 26. Rc4 Qd3 27. Rb3 Qd5
28. a4 Qc6 29. h4 Rd5 30. Rc1 Qxa4 31. Bf4 h6 32. Re3 Rd8 33. Rce1 c4 34. Ne4
Qc6 35. Ne5 Qe6 36. Nc3 a6 37. Re4 b5 38. Bc1 f5 39. R4e2 b4 40. Na4 Rc8 41.
Nd7 Qd6 42. Bf4 Qd3 43. Nac5 Qc3 44. Re7 Bd4 45. R1e6 Qf3 46. Be3 Qd1+ 47. Kg2
b3 48. Rxg6+ Kh8 49. Rxh6+ Kg8 50. Rg6+ Kh8 51. Rh6+ Kg8 52. Ne6 Bc3 53. Nf6+
Bxf6 54. Rxf6 Qh5 55. Rg7+ Kh8 56. Rh6+ Qxh6 57. Bxh6 Rc6 58. Re7 c3 59. Bg7+
Kg8 60. Be5 1-0

[Event "SC Siegburg 1 - SV Letmathe 1"]
[Site "NRW-Klasse. Gruppe 2 2017/201"]
[Date "2018.02.18"]
[Round "6.2"]
[White "Andreev, Eduard"]
[Black "Podzielny, Karl-Heinz"]
[Result "1-0"]
[WhiteElo "2383"]
[BlackElo "2358"]
[PlyCount "51"]
[EventDate "2018.??.??"]
[WhiteTeam "SC Siegburg 1"]
[BlackTeam "SV Letmathe 1"]

1. e4 c5 2. Nf3 e6 3. d4 cxd4 4. Nxd4 a6 5. Nc3 Qc7 6. Bd3 Nf6 7. f4 d6 8. Qe2
Nbd7 9. g4 h6 10. Bd2 b5 11. a3 Bb7 12. Rf1 e5 13. Nf5 g6 14. fxe5 dxe5 15.
Nxh6 Rxh6 16. g5 Rh3 17. gxf6 Nc5 18. O-O-O O-O-O 19. Qg4+ Qd7 20. Be2 Qe6 21.
Qxe6+ fxe6 22. Bg4 Rxh2 23. Be3 Rxd1+ 24. Rxd1 Kc7 25. f7 Bc8 26. Bg5 1-0

[Event "SC Siegburg 1 - SV Letmathe 1"]
[Site "NRW-Klasse. Gruppe 2 2017/201"]
[Date "2018.02.18"]
[Round "6.4"]
[White "Kolkin, Michail"]
[Black "Schleining, Zoya"]
[Result "1/2-1/2"]
[WhiteElo "2311"]
[BlackElo "2376"]
[PlyCount "91"]
[EventDate "2018.??.??"]
[WhiteTeam "SC Siegburg 1"]
[BlackTeam "SV Letmathe 1"]

1. Nf3 Nf6 2. g3 g6 3. b3 Bg7 4. Bb2 d6 5. d4 c5 6. Bg2 cxd4 7. Nxd4 d5 8. O-O
O-O 9. c4 dxc4 10. bxc4 Qb6 11. Qc1 Nfd7 12. Nb3 Bxb2 13. Qxb2 Na6 14. Nc3 Qf6
15. Rab1 Nb6 16. Na5 Nc5 17. Qa3 Be6 18. Qxc5 Qxc3 19. Bxb7 Rab8 20. Bf3 Nxc4
21. Nc6 Rxb1 22. Rxb1 Kg7 23. Nxe7 Rd8 24. Nd5 Bxd5 25. Bxd5 Qe5 26. Qxc4 Qxd5
27. Qxd5 Rxd5 28. Rb2 Ra5 29. e3 h5 30. Kg2 Kf6 31. Kf3 g5 32. h3 Ra4 33. Rc2
g4+ 34. Kg2 Kg6 35. h4 Ra5 36. Kf1 Kf5 37. Ke2 Ra3 38. Kd2 Ke4 39. Ke2 Ra4 40.
Rb2 f5 41. Rd2 Ra3 42. Kf1 Ra4 43. Kg2 a5 44. Rd8 Rxa2 45. Re8+ Kd3 46. Rh8
1/2-1/2

[Event "SC Siegburg 1 - SV Letmathe 1"]
[Site "NRW-Klasse. Gruppe 2 2017/201"]
[Date "2018.02.18"]
[Round "6.6"]
[White "Varitski, Igor"]
[Black "Gruermann, Martin"]
[Result "1-0"]
[WhiteElo "2220"]
[BlackElo "2201"]
[PlyCount "107"]
[EventDate "2018.??.??"]
[WhiteTeam "SC Siegburg 1"]
[BlackTeam "SV Letmathe 1"]

1. e4 c5 2. c3 Nf6 3. e5 Nd5 4. d4 cxd4 5. cxd4 Nc6 6. Nf3 d6 7. Bc4 Nb6 8. Bb5
d5 9. O-O a6 10. Bxc6+ bxc6 11. Qc2 Qc7 12. h3 e6 13. Nbd2 Be7 14. Nb3 h6 15.
Be3 Nc4 16. Rfe1 O-O 17. Nfd2 Nxe3 18. Rxe3 Bd7 19. Nc5 Rfb8 20. Rc3 Be8 21. f4
Qa7 22. Nf3 Rb5 23. Rc1 Rab8 24. b3 Bxc5 25. Rxc5 Rxc5 26. Qxc5 Qxc5 27. Rxc5
Kf8 28. Kf2 Ke7 29. Ne1 Kd8 30. Nd3 Bd7 31. Ra5 Bc8 32. Nc5 Ra8 33. g4 Ra7 34.
h4 Kc7 35. h5 Kb6 36. b4 Re7 37. Nd3 Re8 38. Rc5 Rh8 39. a4 Bd7 40. Rc1 Be8 41.
Nc5 Rg8 42. Rg1 g5 43. hxg6 Rxg6 44. f5 exf5 45. gxf5 Rxg1 46. Kxg1 a5 47.
bxa5+ Kxa5 48. Kf2 Kb4 49. f6 h5 50. Kg3 Kc4 51. a5 Kxd4 52. a6 Kxc5 53. a7 Bd7
54. a8=Q 1-0

[Event "SC Siegburg 1 - SV Letmathe 1"]
[Site "NRW-Klasse. Gruppe 2 2017/201"]
[Date "2018.02.18"]
[Round "6.7"]
[White "Haude, Ruediger"]
[Black "Klein, Manfred"]
[Result "0-1"]
[WhiteElo "2043"]
[BlackElo "1999"]
[PlyCount "110"]
[EventDate "2018.??.??"]
[WhiteTeam "SV Letmathe 1"]
[BlackTeam "SC Siegburg 1"]

1. d4 Nf6 2. Nf3 g6 3. g3 Bg7 4. Bg2 O-O 5. O-O d6 6. c4 c5 7. d5 Na6 8. Nc3
Nc7 9. a4 Rb8 10. Qc2 b6 11. Rb1 a6 12. Nd2 Bd7 13. e4 b5 14. Re1 e6 15. axb5
axb5 16. b3 exd5 17. Nxd5 Ncxd5 18. cxd5 Ra8 19. Bb2 b4 20. Ra1 Rxa1 21. Rxa1
Bb5 22. Nc4 Bxc4 23. bxc4 Nd7 24. f4 Bxb2 25. Qxb2 Qf6 26. Qxf6 Nxf6 27. Kf2
Re8 28. Ke3 Nxe4 29. Kd3 f5 30. Ra7 Rb8 31. Bxe4 fxe4+ 32. Kxe4 b3 33. Ra1 b2
34. Rb1 Rb3 35. f5 Kf7 36. Kf4 Kf6 37. fxg6 hxg6 38. h4 Rc3 39. Rxb2 Rxc4+ 40.
Ke3 Rd4 41. Rf2+ Ke5 42. h5 gxh5 43. Rh2 Kxd5 44. Rxh5+ Kc4 45. Rh1 d5 46. Rc1+
Kb5 47. Rg1 Rg4 48. Kf3 Rg8 49. Rb1+ Kc6 50. Kf4 c4 51. g4 c3 52. g5 Kc5 53.
Rg1 Kc4 54. Ke5 d4 55. g6 c2 0-1

[Event "SC Siegburg 1 - SV Letmathe 1"]
[Site "NRW-Klasse. Gruppe 2 2017/201"]
[Date "2018.02.18"]
[Round "6.8"]
[White "Breest, Axel"]
[Black "Pfleger, Sascha"]
[Result "1-0"]
[WhiteElo "1872"]
[BlackElo "1999"]
[PlyCount "59"]
[EventDate "2018.??.??"]
[WhiteTeam "SC Siegburg 1"]
[BlackTeam "SV Letmathe 1"]

1. e4 e6 2. d4 d5 3. e5 c5 4. c3 Nd7 5. Bd3 Ne7 6. Ne2 Nc6 7. Nd2 a5 8. f4 f5
9. O-O Be7 10. Nf3 a4 11. h3 Nb6 12. Qe1 cxd4 13. Nexd4 Nxd4 14. Nxd4 Nc4 15.
Qe2 Qc7 16. g4 g6 17. Rb1 Bc5 18. Kh1 Bxd4 19. cxd4 Qb6 20. b3 axb3 21. axb3
Na5 22. Ra1 Ra7 23. Ba3 Qxd4 24. Rfc1 Nc4 25. Bd6 Nxd6 26. exd6 Kd7 27. Qc2 Qb6
28. Bb5+ Kxd6 29. Qc3 Rd8 30. Qb4+ 1-0

[Event "Godesberger SK 1 - SVG Plettenberg 1"]
[Site "NRW-Klasse. Gruppe 2 2017/201"]
[Date "2018.02.18"]
[Round "6"]
[White "Haub, Thorsten Michael"]
[Black "Seger, Ruediger"]
[Result "1/2-1/2"]
[WhiteElo "2386"]
[BlackElo "2300"]
[PlyCount "70"]
[EventDate "2018.??.??"]
[WhiteTeam "SVG Plettenberg 1"]
[BlackTeam "Godesberger SK 1"]

1. g3 Nf6 2. Bg2 d5 3. d3 e5 4. Nd2 Bd6 5. e4 c6 6. Ngf3 O-O 7. O-O Re8 8. b3
Nbd7 9. Bb2 Qc7 10. Re1 a5 11. a4 Bf8 12. Ra2 dxe4 13. Nxe4 Nxe4 14. Rxe4 f6
15. d4 f5 16. Re1 e4 17. Nd2 Nf6 18. f3 exf3 19. Nxf3 Rxe1+ 20. Qxe1 Bd7 21. c4
Re8 22. Qd1 Ng4 23. Bc1 Ne3 24. Bxe3 Rxe3 25. Re2 Rxe2 26. Qxe2 Qd6 27. Qe3 g6
28. c5 Qe7 29. Ne5 Be6 30. Nc4 Bxc4 31. Qxe7 Bxe7 32. bxc4 Bf6 33. d5 Bd4+ 34.
Kf1 Bxc5 35. dxc6 bxc6 1/2-1/2

[Event "Godesberger SK 1 - SVG Plettenberg 1"]
[Site "NRW-Klasse. Gruppe 2 2017/201"]
[Date "2018.02.18"]
[Round "6"]
[White "Grabowski, Pawel"]
[Black "Bosch, Jeroen"]
[Result "0-1"]
[WhiteElo "2269"]
[BlackElo "2409"]
[PlyCount "66"]
[EventDate "2018.??.??"]
[WhiteTeam "Godesberger SK 1"]
[BlackTeam "SVG Plettenberg 1"]

1. d4 Nf6 2. c4 d6 3. Nc3 Nbd7 4. Nf3 g6 5. g3 Bg7 6. Bg2 O-O 7. O-O e5 8. d5
a5 9. b3 Nc5 10. Ne1 Nfd7 11. Nd3 f5 12. Nxc5 Nxc5 13. Be3 Nd7 14. Rc1 Nf6 15.
Qd2 f4 16. gxf4 Ng4 17. h3 Nxe3 18. fxe3 Bd7 19. Ne4 Qh4 20. Qe1 Qe7 21. c5 Bf5
22. cxd6 cxd6 23. Ng3 Bd7 24. Rc7 Qd8 25. Rc2 Qb6 26. Kh2 Qxe3 27. Rf3 Qb6 28.
e3 Rae8 29. Qd2 Re7 30. Qc1 Ref7 31. Rcf2 exf4 32. exf4 Bb5 33. Qc2 Bd4 {(ZUe)}
0-1

[Event "Godesberger SK 1 - SVG Plettenberg 1"]
[Site "NRW-Klasse. Gruppe 2 2017/201"]
[Date "2018.02.18"]
[Round "6"]
[White "De Schampheleire, Glen"]
[Black "Koehler, Christian Friedrich"]
[Result "1/2-1/2"]
[WhiteElo "2342"]
[BlackElo "2236"]
[PlyCount "108"]
[EventDate "2018.??.??"]
[WhiteTeam "SVG Plettenberg 1"]
[BlackTeam "Godesberger SK 1"]

1. Nf3 d5 2. g3 c6 3. Bg2 Nf6 4. O-O Bf5 5. d3 h6 6. c4 e6 7. Qb3 Qb6 8. Be3
Qxb3 9. axb3 a6 10. Nc3 Nbd7 11. Bd4 Bg4 12. Rfe1 Bxf3 13. exf3 Bc5 14. Ne2
Bxd4 15. Nxd4 Nc5 16. Bf1 dxc4 17. dxc4 O-O-O 18. Rad1 Rd7 19. b4 Na4 20. Nb3
Rxd1 21. Rxd1 Nxb2 22. Rb1 Na4 23. b5 axb5 24. cxb5 Nc3 25. Ra1 Kb8 26. bxc6
bxc6 27. Ra6 Rc8 28. Na5 c5 29. Rb6+ Ka8 30. Rb7 Nfd5 31. Rxf7 Rc7 32. Rf8+ Ka7
33. Re8 Nb6 34. Nc4 Ncd5 35. Rxe6 Nxc4 36. Bxc4 Nb6 37. Bd3 c4 38. Bc2 Nd5 39.
Kf1 Nb4 40. Re2 c3 41. Ke1 Nxc2+ 42. Rxc2 Kb6 43. Kd1 Kb5 44. Re2 Ra7 45. Re4
Ra2 46. h4 Rxf2 47. Rf4 {(=)} Kc5 48. h5 Kd5 49. g4 Ke5 50. Rf7 Kd4 51. Rxg7
Kd3 52. Rd7+ Ke3 53. Re7+ Kd3 54. Rd7+ Ke3 1/2-1/2